000 00357nam a2200145Ia 4500
008 230711s9999||||xx |||||||||||||| ||und||
041 _aENG
082 _a4
_bGU-N
100 _aGupta ,BR
245 0 _aNetwork analysis and synthesis
250 _a1st Ed.
260 _c1993
_aNew Delhi
_bPradeep publishers
650 _aElectrical Engineering
942 _cBK
999 _c2967
_d2967